• 首页
  • 本馆介绍
  • 公告通知
  • 最新文献
  • 馆藏检索
  • 电子资源
  • 读者导购
  • 参考咨询
  • 我的图书馆
  • 登录
  • 详细信息显示
  • 放入我的书架
  • 预约/预借图书
  • 作者相关作品
  • 分类相关作品
  • 丛书相关作品
  • 出版社相关作品

书目信息

  • 表格格式
  • 工作单格式
  • 卡片格式
题名:
呼吸系统疾病
    
 
作者: 王正中 编
分册:  
出版信息: 重庆   科学技术文献出版社重庆分社  1984
页数: 129页
开本: 19cm
丛书名: 医学自学丛书
单 册:
中图分类: R56
科图分类:
主题词: 呼吸系统疾病--自学参考资料
电子资源:
ISBN:
000 00710nam2 2200265 45
001 0184009233
005 20040524104252.0
010    @dCNY0.45
091    @a14176.121
100    @a19950623d1984 em y0chiy0121 ea
101 0  @achi
102    @aCN@b110000
105    @ay z 000yy
106    @ar
200 10 @a呼吸系统疾病@Ahu xi xi tong ji bing@f王正中编
210    @a重庆@c科学技术文献出版社重庆分社@d1984
215    @a129页@d19cm
225 2  @a医学自学丛书@v2
410  0 @120010@a医学自学丛书
606    @a呼吸系统疾病@x自学参考资料
690    @aR56@v3
701  0 @a王正中@Awang zheng zhong@4编
801  0 @aCN@b上海图书馆@c20040524
801  2 @aCN@bNLC@c20040524
905    @f1@b125984@dR56@e22
    
    呼吸系统疾病/王正中编.-重庆:科学技术文献出版社重庆分社,1984
    129页;19cm.-(医学自学丛书;2)
    
    
    ISBN :CNY0.45
    
●
相关链接 在E读中查询图书 在五车中查询图书 在当当中查询图书 在豆瓣中查询图书


正题名:呼吸系统疾病     索取号:R56/22         预约/预借

序号 登录号 条形码 馆藏地/架位号 状态 备注
1 0125984   000714392   第三借阅区/ [索取号:R56/22] 在馆    
2 0125985   000714409   第二样本阅览室/ [索取号:R56/22] 在馆    
唐山师范学院图书馆 欢迎您!
大连网信软件有限公司© 版权所有